<?xml version="1.0" encoding="UTF-8"?>
<record
    xmlns:xsi="http://www.w3.org/2001/XMLSchema-instance"
    xsi:schemaLocation="http://www.loc.gov/MARC21/slim http://www.loc.gov/standards/marcxml/schema/MARC21slim.xsd"
    xmlns="http://www.loc.gov/MARC21/slim">

  <leader>00351nam a2200121Ia 4500</leader>
  <controlfield tag="008">230907s9999||||xx |||||||||||||| ||und||</controlfield>
  <datafield tag="082" ind1=" " ind2=" ">
    <subfield code="a">361.0068</subfield>
    <subfield code="b">JEN</subfield>
  </datafield>
  <datafield tag="100" ind1=" " ind2=" ">
    <subfield code="a">Jenkins, Kate.</subfield>
    <subfield code="9">115908</subfield>
  </datafield>
  <datafield tag="245" ind1=" " ind2="0">
    <subfield code="a">Politicians and public services :</subfield>
  </datafield>
  <datafield tag="260" ind1=" " ind2=" ">
    <subfield code="a">Edward Elgar,</subfield>
    <subfield code="b">Cheltenham, UK ; | Northampton, MA :</subfield>
    <subfield code="c">2008</subfield>
  </datafield>
  <datafield tag="300" ind1=" " ind2=" ">
    <subfield code="a">vi, 273 p. ;</subfield>
  </datafield>
  <datafield tag="942" ind1=" " ind2=" ">
    <subfield code="c">BK</subfield>
  </datafield>
  <datafield tag="999" ind1=" " ind2=" ">
    <subfield code="c">600120</subfield>
    <subfield code="d">600120</subfield>
  </datafield>
  <datafield tag="952" ind1=" " ind2=" ">
    <subfield code="0">0</subfield>
    <subfield code="1">0</subfield>
    <subfield code="4">0</subfield>
    <subfield code="7">0</subfield>
    <subfield code="a">CAS-E</subfield>
    <subfield code="b">CAS-E</subfield>
    <subfield code="d">2019-10-28</subfield>
    <subfield code="l">0</subfield>
    <subfield code="o">361.0068 JEN</subfield>
    <subfield code="p">CAS-E0004219</subfield>
    <subfield code="r">2023-09-12</subfield>
    <subfield code="w">2023-09-12</subfield>
    <subfield code="y">BK</subfield>
  </datafield>
</record>
